书目信息 |
| 题名: |
微控制器原理与应用
|
|
| 作者: | 斯帕索夫, , Spasov, 著 ;李小洪 译 | |
| 分册: | ||
| 出版信息: | 北京 清华大学出版社 2006.1 |
|
| 页数: | xi,579页 | |
| 开本: | 26cm | |
| 丛书名: | ||
| 单 册: | ||
| 中图分类: | TP332.3-43 | |
| 科图分类: | ||
| 主题词: | 微控制器--wei kong zhi qi--教材 | |
| 电子资源: | ||
| ISBN: | 7-302-11800-0 | |
| 000 | 01503nam0 2200325 45 | |
| 001 | 012006000000 | |
| 005 | 20061114155712.03 | |
| 010 | @a7-302-11800-0@dCNY68.00 | |
| 100 | @a20060313d2005 em y0chiy0121 ea | |
| 101 | 1 | @achi@ceng |
| 102 | @aCN@b110000 | |
| 105 | @ay z 000yy | |
| 200 | 1 | @a微控制器原理与应用@Awei kong zhi qi yuan li yu ying yong@f(加)[斯帕索夫]Peter Spasov著@g李小洪译 |
| 210 | @a北京@c清华大学出版社@d2006.1 | |
| 215 | @axi,579页@d26cm | |
| 300 | @a国外经典教材·计算机科学与技术 | |
| 304 | @a书名原文: Microcontroller technology : the 68HC11 and 68HC12 | |
| 305 | @a据原书第5版译出 | |
| 306 | @a由Pearson Education授权出版 | |
| 314 | @aPeter Spasov, 加拿大安大略省弗来明大学应用计算和工程科学系教授。 | |
| 314 | @a李小洪, 毕业于西安电子科技大学电子工程自动控制专业, 分配到电子工业部36所工作, 译著有《微处理器与微型计算机》等。 | |
| 330 | @a本书共5部分, 包括概述微控制器技术; 介绍如何从编程者的角度进行开发; 介绍总线概念和操作模式、硬件和时钟操作; 介绍接口的概念、并行输入/输出、串行子系统、可编程定时器操作和模拟转换子系统; 概述微控制器的应用控制软件、具体应用以及8位微控制器系列产品。 | |
| 510 | 1 | @aMicrocontroller technology : the 68HC11 and 68HC12@zeng |
| 606 | 0 | @a微控制器@Awei kong zhi qi@j教材 |
| 690 | @aTP332.3-43@v4 | |
| 701 | 1 | @c(加)@a斯帕索夫,@Asi pa suo fu@bP.@g(Spasov, Peter)@4著 |
| 701 | 1 | @c(加)@aSpasov,@bP.@g(Spasov, Peter)@4著 |
| 702 | 0 | @a李小洪@Ali xiao hong@4译 |
| 801 | 0 | @aCN@c20061114 |
| 905 | @a10447@dTP332.3-43@eS709 | |
| 微控制器原理与应用/(加)[斯帕索夫]Peter Spasov著/李小洪译.-北京:清华大学出版社,2006.1 |
| xi,579页;26cm |
| 国外经典教材·计算机科学与技术 |
| ISBN 7-302-11800-0:CNY68.00 |
| 本书共5部分, 包括概述微控制器技术; 介绍如何从编程者的角度进行开发; 介绍总线概念和操作模式、硬件和时钟操作; 介绍接口的概念、并行输入/输出、串行子系统、可编程定时器操作和模拟转换子系统; 概述微控制器的应用控制软件、具体应用以及8位微控制器系列产品。 |
| ● |
| 相关链接 |
|
|
|
正题名:微控制器原理与应用
索取号:TP332.3-43/S709
 
预约/预借
| 序号 | 登录号 | 条形码 | 馆藏地/架位号 | 状态 | 备注 |
| 1 | 638111 | 206381119 | 自科库301/301自科库 61排5列4层/ [索取号:TP332.3-43/S709] | 在馆 | |
| 2 | 638112 | 206381128 | 自科库301/301自科库 61排5列4层/ [索取号:TP332.3-43/S709] | 在馆 |